000 00467nam a2200145Ia 4500
003 OSt
005 20260226104625.0
008 211028s2019 xx 000 0 und d
040 _cAIMIT LIBRARY
041 _aeng
100 _aLobo, Neenoy Samson; Dhananjaya, K.
_g1716119
_98097
245 _aInventory management in production department with a special reference to aspinwall and company limited /
260 _aMangalore
_bJusine P Jaims
_c2019
942 _2ddc
_cPRO
999 _c219665
_d219665